Schaum's outline of theory and problems of fundamentals of computing with C++ / (Record no. 590984)

000 -LEADER
fixed length control field 01427cam a2200289 a 4500
001 - CONTROL NUMBER
control field 4033067
005 - DATE AND TIME OF LATEST TRANSACTION
control field 20220815133456.0
008 - FIXED-LENGTH DATA ELEMENTS--GENERAL INFORMATION
fixed length control field 980319s1998 nyua b 001 0 eng
010 ## - LIBRARY OF CONGRESS CONTROL NUMBER
LC control number 98016860
020 ## - INTERNATIONAL STANDARD BOOK NUMBER
International Standard Book Number 0070308683 (pbk.)
040 ## - CATALOGING SOURCE
Original cataloging agency DLC
Transcribing agency DLC
Modifying agency DLC
050 00 - LIBRARY OF CONGRESS CALL NUMBER
Classification number QA76.73.C153
Item number H82 1998
082 00 - DEWEY DECIMAL CLASSIFICATION NUMBER
Classification number 005.133,HUB
Edition number 21
100 1# - MAIN ENTRY--PERSONAL NAME
Personal name Hubbard, J. R.
Fuller form of name (John Rast),
Dates associated with a name 1943-
9 (RLIN) 3689
245 10 - TITLE STATEMENT
Title Schaum's outline of theory and problems of fundamentals of computing with C++ /
Statement of responsibility, etc. John R. Hubbard.
246 30 - VARYING FORM OF TITLE
Title proper/short title Theory and problems of fundamentals of computing with C++
246 30 - VARYING FORM OF TITLE
Title proper/short title Fundamentals of computing with C++
260 ## - PUBLICATION, DISTRIBUTION, ETC.
Place of publication, distribution, etc. New York :
Name of publisher, distributor, etc. McGraw-Hill,
Date of publication, distribution, etc. c1998.
300 ## - PHYSICAL DESCRIPTION
Extent viii, 356 p. :
Other physical details ill. ;
Dimensions 28 cm.
490 0# - SERIES STATEMENT
Series statement Schaum's outline series
505 ## - FORMATTED CONTENTS NOTE
Formatted contents note Introduction to Computing (Page-1), C++ Fundamentals (Page-24), Control Structures (Page-43), Functions (Page-67), Array (Page-88), Strings and Files (Page-109), Abstract Data Types (Page-137), Pointers (Page-178), Lists (Page-195), Standard Container Classes (Page-226), Recursion (Page-254), Trees (Page-276), Sorting (Page-303), Searching (Page-319).
650 #0 - SUBJECT ADDED ENTRY--TOPICAL TERM
Topical term or geographic name entry element C++ (Computer program language)
650 #0 - SUBJECT ADDED ENTRY--TOPICAL TERM
Topical term or geographic name entry element Computer science.
856 42 - ELECTRONIC LOCATION AND ACCESS
Materials specified Publisher description
Uniform Resource Identifier <a href="http://www.loc.gov/catdir/description/mh021/98016860.html">http://www.loc.gov/catdir/description/mh021/98016860.html</a>
856 41 - ELECTRONIC LOCATION AND ACCESS
Materials specified Table of contents
Uniform Resource Identifier <a href="http://www.loc.gov/catdir/toc/mh021/98016860.html">http://www.loc.gov/catdir/toc/mh021/98016860.html</a>
942 ## - ADDED ENTRY ELEMENTS (KOHA)
Source of classification or shelving scheme
Koha item type Book
Call number prefix 005.133,HUB
Holdings
Withdrawn status Lost status Source of classification or shelving scheme Damaged status Not for loan Permanent Location Current Location Shelving location Date acquired Full call number Barcode Date last seen Price effective from Koha item type Public note
          Military College of Signals (MCS) Military College of Signals (MCS) General Stacks 08/15/2022 005.133,HUB MCS30564 08/15/2022 08/15/2022 Book Almirah No.4, Shelf No.6
© 2023 Central Library, National University of Sciences and Technology. All Rights Reserved.